| 000 | 01259nam a2200205Ia 4500 | ||
|---|---|---|---|
| 999 |
_c38326 _d38326 |
||
| 001 | 4336 | ||
| 003 | GE_BSU | ||
| 005 | 20191009124237.0 | ||
| 008 | 181216s1984||||ge |||||||||||||| ||geo|| | ||
| 040 | _cGE_BSU | ||
| 041 | _ageo | ||
| 080 | _a821.353.1–91–1 ქ–27 | ||
| 245 |
_aქართული ხალხური პოეზია : _bტ. 11. ისტორიული ლექსები / _cტომი შეადგინა, ვარიანტები და შენიშვნები დაურთო ქს. სიხარულიძემ ; გამოსაცემად მოამზადეს, საძიებლები და ლექსიკონი დაურთეს დ. გოგოჭურმა და ვ. მაცაბერიძემ.მთ. რედ. : მ. ჩიქოვანი. |
||
| 264 |
_aთბილისი : _bმეცნიერება, _c1984. |
||
| 300 |
_a388 გვ.; _b22 სმ. |
||
| 653 | _aქართული ხალხური პოეზია | ||
| 700 |
_aჩიქოვანი, მ. _eრედაქტორი _94652 |
||
| 700 |
_aსიხარულიძე, ქს. _eშემდგენელი _94640 |
||
| 942 |
_cBK _2udc |
||